[Event "MVP-ch Seniors op 19th"]
[Site "Ostseebad Binz"]
[Date "2019.12.01"]
[Round "5"]
[White "Moews, Harald"]
[Black "Wolke, Reimund"]
[Result "0-1"]
[WhiteElo "1733"]
[BlackElo "1928"]
[PlyCount "86"]
[EventDate "2019.11.27"]
[EventType "swiss"]
[EventRounds "9"]
[EventCountry "GER"]
[SourceTitle "EXT 2021"]
[Source "ChessBase"]
[SourceDate "2020.10.23"]
[SourceVersion "1"]
[SourceVersionDate "2020.10.23"]
[SourceQuality "1"]

1. e4 c5 2. f4 e6 3. Nf3 d5 4. Bb5+ Bd7 5. Bxd7+ Nxd7 6. e5 Ne7 7. 0-0 Nc6 8. d3 Be7 9. Nc3 0-0 10. Ne2 Qb6 11. c3 f6 12. d4 f5 13. a3 Rac8 14. b4 cxb4 15. axb4 a5 16. bxa5 Nxa5 17. Ba3 Bxa3 18. Rxa3 Nc4 19. Rb3 Qc6 20. Qb1 b6 21. Qd3 Ra8 22. Rfb1 Ra2 23. Nc1 Ra7 24. Nd2 Rfa8 25. Rb4 Ra4 26. Nxc4 dxc4 27. Qf3 Qxf3 28. gxf3 Ra1 29. Kf2 Rxb1 30. Rxb1 Ra4 31. Ke2 Ra5 32. Kd2 b5 33. Rb2 Nb6 34. Kc2 Nd5 35. Ne2 Kf7 36. Kd2 Ke7 37. h4 Kd7 38. h5 Kc6 39. Ke1 Ra3 40. Kd2 b4 41. Rc2 b3 42. Rc1 Ra2+ 43. Ke1 b2 0-1

[Event "Bad Wiessee Senioren Cup 8th"]
[Site "Bad Wiessee"]
[Date "2019.05.18"]
[Round "8"]
[White "Siewert, Wolfgang"]
[Black "Wolke, Reimund"]
[Result "1/2-1/2"]
[WhiteElo "1807"]
[BlackElo "1916"]
[PlyCount "123"]
[EventDate "2019.05.11"]
[EventType "swiss"]
[EventRounds "9"]
[EventCountry "GER"]
[SourceTitle "EXT 2020"]
[Source "ChessBase"]
[SourceDate "2019.10.17"]
[SourceVersion "1"]
[SourceVersionDate "2019.10.17"]
[SourceQuality "1"]

1. Nf3 d5 2. g3 Nf6 3. Bg2 e6 4. c4 Be7 5. 0-0 0-0 6. b3 Nbd7 7. Bb2 b6 8. d3 Bb7 9. Nbd2 c5 10. e3 Qc7 11. Rc1 Rad8 12. Qc2 h6 13. Rfd1 Rfe8 14. a3 Bd6 15. cxd5 exd5 16. d4 Rc8 17. Qb1 Qd8 18. Qa1 Qe7 19. Bh3 Rcd8 20. Bf1 Qe6 21. Re1 Bf8 22. Bg2 Ne4 23. Nxe4 dxe4 24. Nd2 Qg6 25. Qb1 Nf6 26. f3 cxd4 27. Bxd4 Bxa3 28. Rc7 Re7 29. Rxe7 Bxe7 30. Nxe4 Nxe4 31. fxe4 Qg5 32. Qa2 Ra8 33. Rf1 Qg6 34. e5 Bxg2 35. Kxg2 Qc6+ 36. Kg1 Qe6 37. Qg2 Rd8 38. Rb1 Qd5 39. Qa2 Rd7 40. Qb2 Bf8 41. Qc3 Qb7 42. b4 Rc7 43. Qb3 Qe4 44. Rf1 Qc6 45. Ra1 Qb5 46. e6 Qxb4 47. exf7+ Rxf7 48. Qd5 Qd6 49. Qb3 Qd7 50. Rf1 Bc5 51. Bxc5 bxc5 52. Qc4 Qc7 53. Rxf7 Qxf7 54. Qxc5 Qd7 55. Kg2 Qb7+ 56. Kf2 Qf7+ 57. Kg2 Qb7+ 58. Kf2 Qa8 59. Qa5 Qb8 60. Qd5+ Kh8 61. h4 Qf8+ 62. Kg2 1/2-1/2

[Event "Bad Wiessee Senioren Cup 8th"]
[Site "Bad Wiessee"]
[Date "2019.05.17"]
[Round "7"]
[White "Wolke, Reimund"]
[Black "Loehr, Hans Gerd"]
[Result "1/2-1/2"]
[WhiteElo "1916"]
[BlackElo "1724"]
[PlyCount "78"]
[EventDate "2019.05.11"]
[EventType "swiss"]
[EventRounds "9"]
[EventCountry "GER"]
[SourceTitle "EXT 2020"]
[Source "ChessBase"]
[SourceDate "2019.10.17"]
[SourceVersion "1"]
[SourceVersionDate "2019.10.17"]
[SourceQuality "1"]

1. e4 c5 2. c3 d5 3. exd5 Qxd5 4. d4 e6 5. Nf3 Nf6 6. Be2 Be7 7. 0-0 0-0 8. Be3 cxd4 9. Nxd4 Qa5 10. Bf3 e5 11. Nb3 Qc7 12. N1d2 Bf5 13. Bg5 Nbd7 14. Qe2 Rfe8 15. Rfe1 Bd6 16. Qc4 e4 17. Qxc7 Bxc7 18. Be2 a6 19. Nc4 b5 20. Ne3 Be6 21. Nd4 Nd5 22. Nxe6 fxe6 23. Rad1 h6 24. Nxd5 exd5 25. Be3 Nf6 26. Bd4 Rad8 27. a4 bxa4 28. Bxa6 Ra8 29. Be2 a3 30. b4 Be5 31. Bb5 Bxd4 32. Rxd4 Rec8 33. c4 a2 34. Ra1 e3 35. fxe3 Ne4 36. c5 Nc3 37. Bd7 Ne2+ 38. Kf1 Nxd4 39. exd4 Rd8 1/2-1/2

[Event "Bad Wiessee Senioren Cup 8th"]
[Site "Bad Wiessee"]
[Date "2019.05.13"]
[Round "3"]
[White "Jergler, Karl Heinz"]
[Black "Wolke, Reimund"]
[Result "1/2-1/2"]
[WhiteElo "2118"]
[BlackElo "1916"]
[PlyCount "89"]
[EventDate "2019.05.11"]
[EventType "swiss"]
[EventRounds "9"]
[EventCountry "GER"]
[SourceTitle "EXT 2020"]
[Source "ChessBase"]
[SourceDate "2019.10.17"]
[SourceVersion "1"]
[SourceVersionDate "2019.10.17"]
[SourceQuality "1"]

1. e4 c5 2. c3 d5 3. exd5 Qxd5 4. d4 Nf6 5. Nf3 Bg4 6. Be2 e6 7. h3 Bh5 8. 0-0 Nc6 9. Be3 cxd4 10. cxd4 Be7 11. Nc3 Qd6 12. a3 0-0 13. Qb3 Rfd8 14. Rfd1 a6 15. Rac1 h6 16. Na4 b5 17. Nc5 Rdc8 18. Qc2 Bg6 19. Qd2 Nd5 20. Bd3 Bxd3 21. Nxd3 Nxe3 22. fxe3 Bf6 23. Nc5 Be7 24. Ne4 Qd8 25. Qf2 Na5 26. Ne5 Qe8 27. b4 Nc6 28. Nd3 a5 29. Nec5 axb4 30. axb4 Ra3 31. Qb2 Rca8 32. Ra1 Rxa1 33. Rxa1 Bg5 34. Kf2 Ne7 35. Ne4 Rxa1 36. Qxa1 Qc6 37. Ndc5 Qd5 38. Nxg5 Qxg5 39. Qa8+ Kh7 40. Qe4+ g6 41. Qf3 Kg7 42. Ne4 Qf5 43. Qxf5 gxf5 44. Nc3 Nc6 45. Nxb5 1/2-1/2

[Event "GER-ch Seniors 65 31st"]
[Site "Radebeul"]
[Date "2019.05.01"]
[Round "6"]
[White "Steingrobe, Udo"]
[Black "Wolke, Reimund"]
[Result "1-0"]
[WhiteElo "2056"]
[BlackElo "1916"]
[PlyCount "115"]
[EventDate "2019.04.26"]
[EventType "swiss"]
[EventRounds "9"]
[EventCountry "GER"]
[SourceTitle "CBM 190 Extra"]
[Source "ChessBase"]
[SourceDate "2019.07.15"]
[SourceVersion "1"]
[SourceVersionDate "2019.07.15"]
[SourceQuality "1"]

1. d4 Nf6 2. c4 g6 3. Nc3 d5 4. cxd5 Nxd5 5. e4 Nxc3 6. bxc3 Bg7 7. Bc4 c5 8. Ne2 Nc6 9. Be3 0-0 10. 0-0 Qc7 11. Rc1 b6 12. Bd5 e6 13. Bg5 Qd7 14. Bxc6 Qxc6 15. d5 Qb7 16. c4 e5 17. Be3 f5 18. f3 Bd7 19. Nc3 Rf7 20. Qb3 Raf8 21. Bxc5 Rc8 22. Ba3 Bh6 23. Rce1 Bd2 24. Re2 Bxc3 25. Qxc3 Bb5 26. Qxe5 Bxc4 27. Bb2 Rg7 28. Rc2 b5 29. Qxg7+ Qxg7 30. Bxg7 Kxg7 31. Rb1 Re8 32. a4 a6 33. exf5 gxf5 34. d6 Rd8 35. axb5 axb5 36. Rd2 Kf6 37. Kf2 Rd7 38. Kg3 Rg7+ 39. Kf4 Rd7 40. Rd4 h6 41. Ke3 Ke5 42. Rbd1 Bb3 43. R1d2 Bc4 44. Rh4 Kf6 45. Rxh6+ Kg5 46. Rh8 b4 47. f4+ Kg6 48. Rc8 Be6 49. Rc7 Rd8 50. Rb7 b3 51. Rb6 Rd7 52. Kd4 Kf7 53. Ke5 Ra7 54. Rb5 Rd7 55. Rc5 Rd8 56. Rc7+ Bd7 57. Rb2 Re8+ 58. Kd5 1-0

[Event "MVP-ch Seniors op 18th"]
[Site "Ostseebad Binz"]
[Date "2018.12.03"]
[Round "6"]
[White "Wolke, Reimund"]
[Black "Rudolph, Karl Heinz"]
[Result "1-0"]
[WhiteElo "1912"]
[BlackElo "1647"]
[PlyCount "61"]
[EventDate "2018.11.28"]
[EventType "swiss"]
[EventRounds "9"]
[EventCountry "GER"]
[SourceTitle "CBM 188 Extra"]
[Source "ChessBase"]
[SourceDate "2019.02.26"]
[SourceVersion "1"]
[SourceVersionDate "2019.02.26"]
[SourceQuality "1"]

1. e4 c5 2. c3 e6 3. d4 cxd4 4. cxd4 d5 5. e5 Nc6 6. Nf3 Bb4+ 7. Nc3 Nge7 8. Bd3 Qb6 9. Be3 Bd7 10. 0-0 Bxc3 11. bxc3 Nf5 12. Bd2 0-0 13. Qc2 Rac8 14. Qd1 f6 15. exf6 Rxf6 16. Qe2 Qc7 17. Rac1 Re8 18. Bg5 Rg6 19. Qd2 e5 20. dxe5 Nxe5 21. Nxe5 Rxe5 22. Bf4 Nh4 23. Bxg6 Nxg6 24. Bxe5 Qxe5 25. Rfe1 Qd6 26. Qd4 b6 27. Re3 Nf4 28. Rce1 Ne6 29. Qe5 Qxe5 30. Rxe5 d4 31. Rxe6 1-0

[Event "MVP-ch Seniors op 18th"]
[Site "Ostseebad Binz"]
[Date "2018.11.28"]
[Round "1"]
[White "Freerksen, Uwe"]
[Black "Wolke, Reimund"]
[Result "0-1"]
[WhiteElo "1487"]
[BlackElo "1912"]
[PlyCount "50"]
[EventDate "2018.11.28"]
[EventType "swiss"]
[EventRounds "9"]
[EventCountry "GER"]
[SourceTitle "CBM 188 Extra"]
[Source "ChessBase"]
[SourceDate "2019.02.26"]
[SourceVersion "1"]
[SourceVersionDate "2019.02.26"]
[SourceQuality "1"]

1. e4 c5 2. Nf3 e6 3. Nc3 Nc6 4. d3 d6 5. g3 Be7 6. Bg2 Nf6 7. 0-0 0-0 8. Bd2 Bd7 9. Qc1 Rb8 10. a3 b5 11. Bf4 e5 12. Bd2 Qb6 13. b3 Nd4 14. Nxd4 cxd4 15. Nd5 Nxd5 16. exd5 Rbc8 17. Qd1 f5 18. c4 dxc3 19. Be3 Qc7 20. Qe2 a5 21. f4 b4 22. a4 Bf6 23. Rac1 Rfe8 24. Qf2 c2 25. Bb6 Qc3 0-1

[Event "GER-ch Seniors 50"]
[Site "Hamburg"]
[Date "2018.07.25"]
[Round "5"]
[White "Yueksel, Anja"]
[Black "Wolke, Reimund"]
[Result "0-1"]
[WhiteElo "1448"]
[BlackElo "1880"]
[PlyCount "106"]
[EventDate "2018.07.21"]
[EventType "swiss"]
[EventRounds "9"]
[EventCountry "GER"]
[SourceTitle "CBM 186 Extra"]
[Source "ChessBase"]
[SourceDate "2018.08.24"]
[SourceVersion "1"]
[SourceVersionDate "2018.08.24"]
[SourceQuality "1"]

1. e4 c5 2. Nf3 e6 3. d4 cxd4 4. Nxd4 Nf6 5. Nc3 d6 6. Bb5+ Nbd7 7. Be3 a6 8. Bd3 Be7 9. Qe2 Qc7 10. 0-0 0-0 11. f4 b5 12. a3 Bb7 13. Rac1 Rac8 14. f5 e5 15. Nf3 d5 16. Bg5 d4 17. Nd5 Nxd5 18. exd5 f6 19. Bh4 Bxd5 20. Be4 Bc4 21. Bd3 Nb6 22. b3 Bd5 23. Be4 Bxe4 24. Qxe4 Bxa3 25. Ra1 Qd6 26. Ra2 Nd5 27. Be1 Nc3 28. Bxc3 Rxc3 29. Rfa1 b4 30. Nd2 d3 31. cxd3 Rxd3 32. Qe2 Rd8 33. Nc4 Qc5+ 34. Kh1 Rxb3 35. h3 Rbd3 36. Nd2 Qd4 37. Nf3 Qf4 38. Rf1 Qc4 39. Rc2 Qd5 40. Rc7 b3 41. Kh2 e4 42. Ne1 Bd6+ 43. Kh1 Bxc7 44. Nxd3 exd3 45. Qd2 Ba5 46. Qb2 d2 47. Rd1 Qc4 48. Kg1 Qc2 49. Qxc2 bxc2 50. Ra1 d1Q+ 51. Rxd1 cxd1Q+ 52. Kh2 Bc7+ 53. g3 Rd2# 0-1

[Event "MVP-ch Seniors op 17th"]
[Site "Binz"]
[Date "2017.12.04"]
[Round "6.15"]
[White "Wolke, Reimund"]
[Black "Kuehne, Klaus Dieter"]
[Result "1/2-1/2"]
[WhiteElo "1979"]
[BlackElo "2075"]
[PlyCount "54"]
[EventDate "2017.11.29"]
[EventType "swiss"]
[EventRounds "9"]
[EventCountry "GER"]
[SourceTitle "EXT 2019"]
[Source "ChessBase"]
[SourceDate "2018.10.10"]
[SourceVersion "1"]
[SourceVersionDate "2018.10.10"]
[SourceQuality "1"]

1. e4 e5 2. Nf3 Nc6 3. Bb5 a6 4. Ba4 Nf6 5. 0-0 Be7 6. Re1 b5 7. Bb3 0-0 8. c3 d5 9. exd5 Nxd5 10. Nxe5 Nxe5 11. Rxe5 c6 12. d4 Bd6 13. Re1 Qh4 14. g3 Qh3 15. Be3 Bf5 16. Qf3 Rae8 17. Nd2 Bg4 18. Qg2 Qh5 19. Bd1 f5 20. Nf1 f4 21. Bxg4 Qxg4 22. f3 Qf5 23. Bd2 Rxe1 24. Rxe1 fxg3 25. hxg3 Qxf3 26. Re6 Qxg2+ 27. Kxg2 Rf6 1/2-1/2

[Event "Schleswig Holstein-ch Seniors op 11th"]
[Site "Buesum"]
[Date "2017.09.12"]
[Round "5"]
[White "Wolke, Reimund"]
[Black "Zechel, Rolf Ruediger"]
[Result "1/2-1/2"]
[WhiteElo "1979"]
[BlackElo "1694"]
[PlyCount "42"]
[EventDate "2017.09.08"]
[EventType "swiss"]
[EventRounds "9"]
[EventCountry "GER"]
[SourceTitle "EXT 2019"]
[Source "ChessBase"]
[SourceDate "2018.10.10"]
[SourceVersion "1"]
[SourceVersionDate "2018.10.10"]
[SourceQuality "1"]

1. e4 c5 2. c3 d5 3. exd5 Qxd5 4. Nf3 Nf6 5. d4 Bg4 6. Be2 e6 7. h3 Bxf3 8. Bxf3 Qd7 9. 0-0 cxd4 10. cxd4 Nd5 11. Nc3 Nxc3 12. bxc3 Be7 13. Qe2 0-0 14. Rb1 Nc6 15. d5 exd5 16. Rd1 Qc7 17. Bxd5 Bf6 18. c4 b6 19. Bb2 Bxb2 20. Qxb2 Rac8 21. Re1 Ne7 1/2-1/2

[Event "MVP-ch Seniors op 16th"]
[Site "Binz"]
[Date "2016.11.23"]
[Round "1.72"]
[White "Wolke, Reimund"]
[Black "Helm, Helga"]
[Result "1-0"]
[WhiteElo "1921"]
[BlackElo "1521"]
[PlyCount "96"]
[EventDate "2016.11.23"]
[EventType "swiss"]
[EventRounds "9"]
[EventCountry "GER"]
[SourceTitle "EXT 2018"]
[Source "ChessBase"]
[SourceDate "2017.10.13"]
[SourceVersion "1"]
[SourceVersionDate "2017.10.13"]
[SourceQuality "1"]

1. e4 e5 2. Nf3 d6 3. d4 exd4 4. Nxd4 a6 5. Nc3 Be7 6. Be2 Bf6 7. Be3 Ne7 8. Qd2 Nec6 9. Nxc6 Nxc6 10. 0-0 Be6 11. f4 0-0 12. b3 b5 13. Rad1 Bxc3 14. Qxc3 Qe8 15. Bf3 b4 16. Qe1 f6 17. Qg3 Rd8 18. Rfe1 Bd7 19. Bc1 Qg6 20. Qh4 Qf7 21. Bb2 Ne7 22. Qf2 Bc6 23. Rf1 f5 24. e5 Bxf3 25. Qxf3 dxe5 26. Bxe5 Ng6 27. Bb2 c5 28. c4 Rfe8 29. g3 Rb8 30. Rd5 Rbc8 31. Rfd1 Qe6 32. Kf2 Qe4 33. Rd7 Qxf3+ 34. Kxf3 Re7 35. R1d5 Rf7 36. Be5 Nxe5+ 37. fxe5 Rxd7 38. Rxd7 g5 39. h4 h6 40. h5 Rc6 41. g4 Re6 42. Rd5 fxg4+ 43. Kxg4 Rc6 44. Rd7 Kh8 45. Kf5 Kg8 46. e6 Kf8 47. Kf6 Ke8 48. Rh7 g4 1-0

[Event "Schleswig Holstein-ch Seniors op 10th"]
[Site "Buesum"]
[Date "2016.09.26"]
[Round "1"]
[White "Geibel, Henning"]
[Black "Wolke, Reimund"]
[Result "0-1"]
[WhiteElo "1428"]
[BlackElo "1908"]
[PlyCount "80"]
[EventDate "2016.09.26"]
[EventType "swiss"]
[EventRounds "9"]
[EventCountry "GER"]
[SourceTitle "EXT 2019"]
[Source "ChessBase"]
[SourceDate "2018.10.10"]
[SourceVersion "1"]
[SourceVersionDate "2018.10.10"]
[SourceQuality "1"]

1. e4 c5 2. Nf3 e6 3. Bc4 d6 4. d4 cxd4 5. Qxd4 Nc6 6. Bb5 Bd7 7. Bxc6 Bxc6 8. 0-0 Nf6 9. Re1 Qc7 10. Qd3 Be7 11. Nc3 0-0 12. e5 dxe5 13. Nxe5 Rad8 14. Qe3 b6 15. Nxc6 Qxc6 16. a4 Rd7 17. Qe2 Bb4 18. Qb5 Qd6 19. Bg5 Bxc3 20. bxc3 Qc7 21. Bxf6 gxf6 22. h3 Rd5 23. Qb4 Rfd8 24. Qg4+ Rg5 25. Qf3 Kg7 26. Re4 Rd2 27. Rf4 f5 28. Rc1 Qd6 29. Qe3 e5 30. Rh4 h6 31. Rb4 Qd5 32. g3 f4 33. Qe4 fxg3 34. Qxd5 gxf2+ 35. Kh1 Rxd5 36. Rg4 f5 37. Rxg5+ hxg5 38. Kg2 Rc5 39. Kxf2 Rxc3 40. Ke2 Rxh3 0-1

[Event "GER-chA Seniors 28th"]
[Site "Niederhausen"]
[Date "2016.08.19"]
[Round "7"]
[White "Sailer, Hans Peter"]
[Black "Wolke, Reimund"]
[Result "0-1"]
[WhiteElo "1955"]
[BlackElo "1874"]
[PlyCount "100"]
[EventDate "2016.08.13"]
[EventType "swiss"]
[EventRounds "9"]
[EventCountry "GER"]
[SourceTitle "EXT 2019"]
[Source "ChessBase"]
[SourceDate "2018.10.10"]
[SourceVersion "1"]
[SourceVersionDate "2018.10.10"]
[SourceQuality "1"]

1. e4 c5 2. Nf3 e6 3. d4 cxd4 4. Nxd4 Nf6 5. Nc3 d6 6. Bc4 a6 7. Bb3 Be7 8. 0-0 0-0 9. f4 Nc6 10. Be3 Qc7 11. Qf3 Nxd4 12. Bxd4 e5 13. Be3 Be6 14. Nd5 Bxd5 15. exd5 exf4 16. Bxf4 Nd7 17. Qg3 Ne5 18. Rad1 Ng6 19. Be3 Bf6 20. c3 Rfe8 21. Rxf6 gxf6 22. Bd4 Re5 23. Rf1 Qe7 24. h4 h5 25. Bc2 Kg7 26. Bd3 Re8 27. Qf2 Kg8 28. Qxf6 Qxf6 29. Rxf6 Re1+ 30. Kh2 Ne5 31. Bc2 Ng4+ 32. Kg3 Nxf6 33. Bxf6 R1e2 34. Bd1 Rxb2 35. Bxh5 Rxa2 36. Bf3 a5 37. Kf4 Rf2 38. Kg5 Rxf3 39. gxf3 Kh7 40. h5 a4 41. c4 a3 42. Bd4 a2 43. Kf6 Rc8 44. Kxf7 Rxc4 45. Bb2 Rc2 46. Ba1 Re2 47. f4 Re1 48. Bc3 a1Q 49. Bxa1 Rxa1 50. Ke6 b5 0-1

[Event "GER-chA Seniors 28th"]
[Site "Niederhausen"]
[Date "2016.08.16"]
[Round "4"]
[White "Wolke, Reimund"]
[Black "Krebel, Christoph"]
[Result "1/2-1/2"]
[WhiteElo "1874"]
[BlackElo "2007"]
[PlyCount "72"]
[EventDate "2016.08.13"]
[EventType "swiss"]
[EventRounds "9"]
[EventCountry "GER"]
[SourceTitle "EXT 2019"]
[Source "ChessBase"]
[SourceDate "2018.10.10"]
[SourceVersion "1"]
[SourceVersionDate "2018.10.10"]
[SourceQuality "1"]

1. e4 Nf6 2. e5 Nd5 3. d4 d6 4. Nf3 dxe5 5. Nxe5 g6 6. Bc4 c6 7. 0-0 Bg7 8. Re1 0-0 9. c3 Be6 10. Bb3 Nd7 11. Nf3 Nc7 12. Bg5 Nf6 13. Nbd2 Bxb3 14. Qxb3 b5 15. Ne5 Qd6 16. Bf4 Qd5 17. Qxd5 Ncxd5 18. Bg3 Rac8 19. h3 Rfd8 20. Nb3 Nd7 21. Nxd7 Rxd7 22. Nc5 Rdd8 23. Rad1 e6 24. Ne4 Bf8 25. Bh4 Be7 26. Bxe7 Nxe7 27. Nf6+ Kg7 28. Ng4 Rd5 29. Re5 Rcd8 30. Rxd5 Rxd5 31. Ne3 Rd8 32. Kf1 a5 33. b3 Nd5 34. Nxd5 cxd5 35. Ke2 Kf6 36. Kd3 Ke7 1/2-1/2

[Event "Sachsen-Anhalt-ch Seniors 24th"]
[Site "Halberstadt"]
[Date "2016.06.04"]
[Round "7"]
[White "Wolke, Reimund"]
[Black "Huelle, Gunter"]
[Result "1/2-1/2"]
[WhiteElo "1891"]
[BlackElo "1720"]
[PlyCount "36"]
[EventDate "2016.05.29"]
[EventType "swiss"]
[EventRounds "7"]
[EventCountry "GER"]
[SourceTitle "EXT 2019"]
[Source "ChessBase"]
[SourceDate "2018.10.10"]
[SourceVersion "1"]
[SourceVersionDate "2018.10.10"]
[SourceQuality "1"]

1. e4 e6 2. d4 d5 3. Nd2 Nf6 4. e5 Nfd7 5. Bd3 h6 6. Ne2 c5 7. c3 Nc6 8. 0-0 Qb6 9. Nf3 Be7 10. b3 0-0 11. Nf4 cxd4 12. cxd4 Rd8 13. Bb1 Nf8 14. Bb2 Bd7 15. Nd3 a5 16. a3 Rdc8 17. Bc2 Nh7 18. Qd2 Rc7 1/2-1/2